000 02657nam0a2200481 4500
001 RU\NLR\BIBL_A\022743810
005 20260426080725.0
010 _a978-5-6053221-8-4
_9300
021 _aRU
_bКН-П-26-001606
_9КН-П-26-0146
035 _a(NLR Aleph) 022743810
090 _a13697032
_c13697032
100 _a20260304d2025 k y0rusy50 ca
101 1 _arus
_amon
_cmon
_deng
102 _aRU
105 _ah z 001yy
181 0 _ai3
_baxxe
181 0 _ab1
_bxb2e
182 0 _an
200 1 _aДрагоценное сказание (Эрдэнийн тобчи)
_e[летопись XVII в.]
_eфаксимиле рукописи [и научная обработка]
_fСаган-Сэчэн
_gперевод с монгольского, введение, примечания и указатели А. Д. Цендиной
203 _aТекст
_aИзображение
_bвизуальные
_cнепосредственные
210 _aМосква
_cФонд содействия буддийскому образованию и исследованиям
_d2025
215 _a300, [1] с.
_cфакс.
_d24
225 1 _aПамятники письменности Востока
_fредкол.: А. Б. Куделин (пред.) [и др.]
_v167
300 _aРез. англ.
320 _aБиблиогр.: с. 156–164 и в подстроч. примеч.
320 _aУказ. имен.: с. 165–180
320 _aУказ. географ. назв.: с. 181–184
500 1 0 _7ca
_aЭрдэнийн тобчи
_n1662
_92704311
_3RU\NLR\AUTH\55010014
517 1 _aЭрдэнийн тобчи
604 _1700#0$aСаган-Сэцэн$f1604
_1500##$a"Эрдэнийн Тобчи"$2nlr_sh2$3RU\NLR\AUTH\6601769563
_3RU\NLR\AUTH\6601769563
_aСаган-Сэцэн (1604)
_t"Эрдэнийн Тобчи"
_92706175
606 1 _aМонголы
_jИсточники и источниковедение
_xИстория
_91435623
_3RU\NLR\AUTH\66607044
606 1 _aТибетский буддизм
_jИсточники и источниковедение
_yМонголия
_92424130
_3RU\NLR\AUTH\6601661902
686 1 _aТ3(5Мо)4,012
686 1 _aШ5(5Мо)4-4Саган-Сэцэн
686 2 _aЭ355-39(5Мо)4,1
700 0 _7ca
_8rus
_aСаган-Сэцэн
_cкнязь
_f1604-
_92703933
_3RU\NLR\AUTH\770291996
702 1 _4080
_4730
_aЦендина
_bА. Д.
_f1954-
_gАнна Дамдиновна
_9135592
_3RU\NLR\AUTH\770135627
942 _cBOOK
980 _aNB